000 00857nam a2200253Ia 4500
003 OSt
005 20220930072934.0
006 a|||||r|||| 00| 0
007 ta
008 220926b |||||||| |||| 00| 0 eng d
024 _a25716
037 _cTheses
040 _aCRL
_cCRL
_beng
041 _2eng
_aeng
100 _aBahuguna Rameshwar Prasad
_9530738
110 _aUniversity of Delhi. Faculty of Social Sciences. Department of History
245 0 _aSome aspects of popular movements, belief and sects in northern India during the seventeenth and eighteenth centuries.
260 _c1999
650 _aHISTORY
700 _a Rana R.P. Supervisor
_9530739
700 _aUniversity of Delhi. Faculty of Social Sciences. Department of History
942 _cDIS
_2CC
999 _c864483
_d864483